[Event "Winnipeg TNT Aug op"]
[Site "Winnipeg CAN"]
[Date "1998.08.11"]
[Round "2"]
[White "Klokow, John"]
[Black "Czypinski, Jaroslaw"]
[Result "0-1"]
[WhiteElo "1726"]
[BlackElo "1983"]
[PlyCount "110"]
[GameId "2160767911806830"]
[EventDate "1998.08.04"]
[EventType "swiss"]
[EventRounds "4"]
[EventCountry "CAN"]

1. e4 e5 2. Nf3 Nc6 3. d4 exd4 4. Nxd4 Bc5 5. Nb3 Bb6 6. Bd3 d6 7. O-O Nf6 8. Bg5 h6 9. Bh4 g5 10. Bg3 h5 11. h3 h4 12. Bh2 g4 13. hxg4 Nxg4 14. Nc3 Nxh2 15. Kxh2 Ne5 16. Nd5 h3 17. g3 Ng4+ 18. Kg1 h2+ 19. Kg2 Bxf2 20. Qf3 c6 21. Rxf2 Nxf2 22. Nf6+ Kf8 23. Kxf2 h1=Q 24. Rxh1 Rxh1 25. Qxh1 Qxf6+ 26. Qf3 Ke7 27. c3 Be6 28. Na5 Rb8 29. Ba6 Bc8 30. Bc4 Be6 31. Ba6 Bc8 32. Bc4 Bd7 33. Nb3 b5 34. Bd3 Rh8 35. Qxf6+ Kxf6 36. Kg2 c5 37. Nc1 Bc6 38. Bc2 a5 39. Nb3 Ke5 40. Nd2 Re8 41. Kf2 Kf6 42. Kf3 Kg5 43. Kf2 Rh8 44. Nf3+ Kg4 45. Nh4 Re8 46. Nf5 Re6 47. Bd3 Kg5 48. Kf3 Rf6 49. Ke3 c4 50. Bc2 d5 51. Ne7 dxe4 52. Nxc6 Rxc6 53. Bxe4 Re6 54. Kd4 f6 55. Bf3 Re5 0-1

[Event "Winnipeg TNT Aug op"]
[Site "Winnipeg CAN"]
[Date "1998.08.11"]
[Round "2"]
[White "Nikouline, Alexandre"]
[Black "Schulz, Manfred"]
[Result "1-0"]
[WhiteElo "2064"]
[BlackElo "1922"]
[PlyCount "111"]
[GameId "2160767911806831"]
[EventDate "1998.08.04"]
[EventType "swiss"]
[EventRounds "4"]
[EventCountry "CAN"]

1. e4 c6 2. d4 d5 3. e5 Bf5 4. Nc3 Qb6 5. Bd3 Bxd3 6. Qxd3 e6 7. Nge2 Ne7 8. O-O Nf5 9. a3 a5 10. g4 Nh4 11. f4 g6 12. Qg3 Be7 13. f5 gxf5 14. gxf5 Nxf5 15. Rxf5 exf5 16. Qg7 Rf8 17. Qxh7 Nd7 18. Bh6 O-O-O 19. Bxf8 Rxf8 20. e6 Ne5 21. Qxf5 f6 22. Na4 Qa7 23. Kh1 Nc4 24. Nc5 Nd6 25. Qh7 Re8 26. Nd7 Ne4 27. Rf1 Qa6 28. c4 Kd8 29. Nxf6 Nxf6 30. Rxf6 Qxc4 31. Rf2 Qa2 32. Ng3 Qa1+ 33. Kg2 Qe1 34. Re2 Qd1 35. Qg7 Qd3 36. Qe5 Kc8 37. Rf2 Qg6 38. b4 axb4 39. axb4 Qb1 40. Qh5 Rd8 41. Qf7 Qxb4 42. Nf5 Kb8 43. Nxe7 Qxd4 44. Qf4+ Qxf4 45. Rxf4 Re8 46. Rf7 d4 47. Kf1 c5 48. h4 c4 49. Ke2 Ka7 50. Nc6+ Kb6 51. Nxd4 Kc5 52. Ke3 b5 53. Rf5+ Kb4 54. Rxb5+ Kc3 55. h5 Rxe6+ 56. Nxe6 1-0

[Event "Winnipeg TNT Aug op"]
[Site "Winnipeg CAN"]
[Date "1998.08.11"]
[Round "2"]
[White "Weijs, Harry"]
[Black "Gibbons, Lorne"]
[Result "1-0"]
[WhiteElo "1621"]
[BlackElo "1377"]
[PlyCount "33"]
[GameId "2160767911806832"]
[EventDate "1998.08.04"]
[EventType "swiss"]
[EventRounds "4"]
[EventCountry "CAN"]

1. d4 b6 2. e4 Bb7 3. Nc3 c6 4. Bd3 Qc7 5. f4 d6 6. Nf3 Nd7 7. Qe2 e6 8. O-O O-O-O 9. Be3 Re8 10. a4 f6 11. b4 d5 12. e5 Bxb4 13. Na2 Ba5 14. c4 fxe5 15. fxe5 Ne7 16. Ng5 Ng6 17. Nf7 1-0

[Event "Winnipeg TNT Aug op"]
[Site "Winnipeg CAN"]
[Date "1998.08.18"]
[Round "3"]
[White "Gantzert, Rene"]
[Black "Hassain, Mahmud"]
[Result "1-0"]
[WhiteElo "1657"]
[BlackElo "2003"]
[PlyCount "53"]
[GameId "2160767911806833"]
[EventDate "1998.08.04"]
[EventType "swiss"]
[EventRounds "4"]
[EventCountry "CAN"]

1. d4 Nf6 2. c4 g6 3. Nc3 Bg7 4. e4 d6 5. f4 O-O 6. Nf3 c5 7. d5 a6 8. a4 b6 9. Be2 Nbd7 10. O-O Rb8 11. Qc2 e6 12. h3 exd5 13. cxd5 Re8 14. e5 dxe5 15. fxe5 Nh5 16. e6 fxe6 17. dxe6 Ne5 18. Nxe5 Bxe5 19. Bxh5 gxh5 20. Rf7 Qd4+ 21. Kh1 Bg7 22. Bh6 Rxe6 23. Rxg7+ Qxg7 24. Bxg7 Kxg7 25. Rd1 Re8 26. Qd3 Bb7 27. Qg3+ 1-0

[Event "Winnipeg TNT Aug op"]
[Site "Winnipeg CAN"]
[Date "1998.08.18"]
[Round "3"]
[White "Schulz, Manfred"]
[Black "Klokow, John"]
[Result "0-1"]
[WhiteElo "1922"]
[BlackElo "1726"]
[PlyCount "90"]
[GameId "2160767911806834"]
[EventDate "1998.08.04"]
[EventType "swiss"]
[EventRounds "4"]
[EventCountry "CAN"]

1. e4 e5 2. Nf3 Nc6 3. Nc3 Nf6 4. Bb5 a6 5. Bxc6 dxc6 6. Nxe5 Bd6 7. Nf3 O-O 8. O-O Bg4 9. h3 Bh5 10. d4 Be7 11. e5 Nd5 12. Ne4 Bg6 13. Re1 Qd7 14. c4 Nb6 15. b3 Rad8 16. Ng3 h6 17. Qd2 Qe6 18. Bb2 f6 19. Rad1 a5 20. a3 a4 21. exf6 Qxf6 22. d5 Qd6 23. Re6 Qxe6 24. dxe6 Rxd2 25. Rxd2 axb3 26. Ne5 Bc2 27. Nd7 Nxc4 28. Nxf8 Nxd2 29. Ng6 Bf6 30. Ne5 Bxe5 31. Bxe5 Nc4 32. Bc3 b2 33. Bxb2 Nxb2 34. Ne2 Kf8 35. Nd4 Bd3 36. f4 c5 37. Nf3 Ke7 38. g4 Kxe6 39. Kf2 c4 40. Nd4+ Kd5 41. Nb5 c6 42. Nc7+ Ke4 43. Ne6 c3 44. Ke1 Ke3 45. Nc5 Be2 0-1

[Event "Winnipeg TNT Aug op"]
[Site "Winnipeg CAN"]
[Date "1998.08.18"]
[Round "3"]
[White "Schulz, Waldemar"]
[Black "Czypinski, Jaroslaw"]
[Result "1/2-1/2"]
[WhiteElo "2046"]
[BlackElo "1983"]
[PlyCount "83"]
[GameId "2160767911806835"]
[EventDate "1998.08.04"]
[EventType "swiss"]
[EventRounds "4"]
[EventCountry "CAN"]

1. d4 Nf6 2. Nf3 d5 3. c4 c6 4. g3 Bf5 5. Bg2 e6 6. Nbd2 Be7 7. Qb3 Qb6 8. O-O Nbd7 9. Qxb6 axb6 10. Nh4 Bg6 11. Nxg6 hxg6 12. e4 Nxe4 13. Nxe4 dxe4 14. Bxe4 Nf6 15. Bf3 O-O-O 16. Be3 Nh7 17. Rad1 Bg5 18. Bg2 Bxe3 19. fxe3 Nf6 20. h3 Rd7 21. Kf2 Rhd8 22. Ke2 g5 23. g4 Kc7 24. a3 Kb8 25. Rh1 Rh8 26. Rd3 Kc7 27. Rc1 Ng8 28. Rcd1 Ne7 29. e4 Ng6 30. Rf3 Nh4 31. Rg3 Nxg2 32. Rxg2 Rxh3 33. Rd3 Rh1 34. Ke3 Rd8 35. Kd2 Rdh8 36. Rf3 f6 37. e5 R8h2 38. Rgf2 Rxf2+ 39. Rxf2 Rh6 40. Ke3 Kd7 41. Ke4 Ke7 42. d5 1/2-1/2

[Event "Winnipeg TNT Aug op"]
[Site "Winnipeg CAN"]
[Date "1998.08.18"]
[Round "3"]
[White "Thomlison, Gary"]
[Black "Nikouline, Alexandre"]
[Result "0-1"]
[WhiteElo "1768"]
[BlackElo "2064"]
[PlyCount "114"]
[GameId "2160767911806836"]
[EventDate "1998.08.04"]
[EventType "swiss"]
[EventRounds "4"]
[EventCountry "CAN"]

1. Nf3 Nf6 2. c4 e6 3. g3 b6 4. Bg2 Bb7 5. O-O c5 6. b3 Be7 7. Bb2 O-O 8. e3 d5 9. d3 Nc6 10. Qe2 Qc7 11. Nbd2 Rad8 12. Rfd1 e5 13. cxd5 Nxd5 14. Nc4 Bf6 15. e4 Nde7 16. Ne3 Ba6 17. Ng4 Ng6 18. Nxf6+ gxf6 19. Qe3 Nb4 20. Ne1 Rd6 21. Rd2 Rfd8 22. Bf1 Qd7 23. Rad1 Nxa2 24. h4 Nb4 25. h5 Ne7 26. f4 Nec6 27. Kh2 Qg4 28. Be2 Qg7 29. g4 Nd4 30. fxe5 fxe5 31. Bxd4 Rxd4 32. Nf3 R4d6 33. Nh4 Bc8 34. Rg1 Kh8 35. g5 h6 36. Nf5 Bxf5 37. exf5 hxg5 38. Rxg5 Qf6 39. Bf1 Nxd3 40. Rdg2 Nf4 41. R2g4 Rd2+ 42. Kg1 Rd1 43. h6 Ne6 44. Rh5 R1d4 45. Rg3 Rf4 46. fxe6 Rxf1+ 47. Kg2 fxe6 48. Rxe5 Rf2+ 49. Qxf2 Qxe5 50. Qf7 Rd2+ 51. Kh3 Qf5+ 52. Qxf5 exf5 53. Kh4 Rd4+ 54. Kg5 Rg4+ 55. Rxg4 fxg4 56. Kxg4 a5 57. Kf4 c4 0-1

[Event "Winnipeg TNT Aug op"]
[Site "Winnipeg CAN"]
[Date "1998.08.18"]
[Round "3"]
[White "Weijs, Harry"]
[Black "Boron, Anthony"]
[Result "0-1"]
[WhiteElo "1621"]
[BlackElo "1858"]
[PlyCount "76"]
[GameId "2160767911806837"]
[EventDate "1998.08.04"]
[EventType "swiss"]
[EventRounds "4"]
[EventCountry "CAN"]

1. d4 Nf6 2. Nf3 g6 3. Bg5 Bg7 4. Nbd2 d5 5. c3 O-O 6. e3 Nbd7 7. b4 h6 8. Bf4 Nh5 9. Qc2 Nxf4 10. exf4 Nf6 11. Bd3 b6 12. b5 a6 13. O-O axb5 14. Bxb5 Bf5 15. Bd3 Bxd3 16. Qxd3 Qd6 17. Ne5 Ra3 18. Qc2 Nd7 19. Qb2 Ra4 20. Qb5 Nxe5 21. fxe5 Qa3 22. Qc6 Ra7 23. Rfb1 e6 24. f4 Rfa8 25. Rb3 Qe7 26. a4 g5 27. fxg5 Qxg5 28. Nf3 Qe3+ 29. Kh1 Qe2 30. Rba3 Qa6 31. h4 Bf8 32. Rb3 Qe2 33. Kh2 Qe3 34. a5 Qf4+ 35. Kh1 Be7 36. Rab1 Rxa5 37. Qxc7 R5a7 38. Rxb6 Rxc7 0-1

[Event "Winnipeg TNT Aug op"]
[Site "Winnipeg CAN"]
[Date "1998.08.25"]
[Round "4"]
[White "Bays, Derek"]
[Black "Klokow, John"]
[Result "0-1"]
[WhiteElo "1496"]
[BlackElo "1726"]
[PlyCount "54"]
[GameId "2160767911806838"]
[EventDate "1998.08.04"]
[EventType "swiss"]
[EventRounds "4"]
[EventCountry "CAN"]

1. e4 d5 2. exd5 Nf6 3. Nc3 Nxd5 4. Nxd5 Qxd5 5. Nf3 e5 6. d4 e4 7. Ne5 Be6 8. Bc4 Qa5+ 9. c3 Bxc4 10. Nxc4 Qf5 11. O-O Nd7 12. f3 O-O-O 13. fxe4 Qxe4 14. Rxf7 Qe6 15. Qf1 Nf6 16. Ne5 Bd6 17. Rxg7 Rdf8 18. Qd1 Bxe5 19. dxe5 Qxe5 20. Rg5 Qe4 21. Bd2 h5 22. Qe1 Qc6 23. Qe3 Kb8 24. Rc5 Qb6 25. b4 Ng4 26. Qe1 Qd6 27. Rd1 Qxh2# 0-1

[Event "Winnipeg TNT Aug op"]
[Site "Winnipeg CAN"]
[Date "1998.08.25"]
[Round "4"]
[White "Czypinski, Jaroslaw"]
[Black "Boron, Anthony"]
[Result "1-0"]
[WhiteElo "1983"]
[BlackElo "1858"]
[PlyCount "53"]
[GameId "2160767911806839"]
[EventDate "1998.08.04"]
[EventType "swiss"]
[EventRounds "4"]
[EventCountry "CAN"]

1. e4 d5 2. exd5 Nf6 3. Bb5+ Bd7 4. Bc4 Bg4 5. Be2 Bxe2 6. Qxe2 Qxd5 7. Nf3 Nc6 8. Nc3 Qd7 9. O-O O-O-O 10. d4 e6 11. Be3 a6 12. a3 Bd6 13. b4 Nd5 14. Nxd5 exd5 15. b5 axb5 16. Qxb5 Ne5 17. Qxd5 Ng4 18. Qa5 Qe6 19. Rae1 Qg6 20. c4 Kb8 21. c5 Qh5 22. h3 Nf6 23. Rb1 Qd5 24. Rb5 c6 25. Rb2 Rd7 26. Qa6 Ne4 27. cxd6 1-0

[Event "Winnipeg TNT Aug op"]
[Site "Winnipeg CAN"]
[Date "1998.08.25"]
[Round "4"]
[White "Hassain, Mahmud"]
[Black "Trueman, Francis"]
[Result "1-0"]
[WhiteElo "2003"]
[BlackElo "1468"]
[PlyCount "54"]
[GameId "2160767911806840"]
[EventDate "1998.08.04"]
[EventType "swiss"]
[EventRounds "4"]
[EventCountry "CAN"]

1. g3 c6 2. Bg2 d5 3. c4 Bf5 4. cxd5 cxd5 5. Qb3 e6 6. Qxb7 Nd7 7. Nc3 Nc5 8. Qc6+ Nd7 9. Nb5 Ke7 10. Nd6 g6 11. Nxf5+ gxf5 12. Nh3 Rb8 13. O-O Bg7 14. Nf4 Ngf6 15. b4 Rb6 16. Qc2 Re8 17. Rb1 Kf8 18. d3 Qb8 19. Be3 Rc8 20. Qb2 Rb7 21. h3 Rd8 22. a4 Ne8 23. Nh5 e5 24. Nxg7 Nxg7 25. Bxd5 Rc7 26. Bh6 Nf6 27. Bg2 Ng8 1-0

[Event "Winnipeg TNT Aug op"]
[Site "Winnipeg CAN"]
[Date "1998.08.25"]
[Round "4"]
[White "Nikouline, Alexandre"]
[Black "Schulz, Waldemar"]
[Result "1-0"]
[WhiteElo "2064"]
[BlackElo "2045"]
[PlyCount "77"]
[GameId "2160767911806841"]
[EventDate "1998.08.04"]
[EventType "swiss"]
[EventRounds "4"]
[EventCountry "CAN"]

1. e4 g6 2. d4 Bg7 3. Be3 d6 4. Bc4 Nc6 5. Ne2 Nf6 6. f3 a6 7. Qd2 e5 8. d5 Na7 9. a4 Bd7 10. Nbc3 Qe7 11. b4 Nc8 12. O-O O-O 13. a5 Ne8 14. g4 Kh8 15. Ng3 f6 16. Bd3 c6 17. dxc6 bxc6 18. Qe2 Nc7 19. Na4 Nb5 20. Nb6 Nxb6 21. Bxb6 Bc8 22. Bxb5 cxb5 23. c4 bxc4 24. Qxc4 Bd7 25. Rfd1 Rfc8 26. Qd3 Bf8 27. Rac1 Bb5 28. Qd2 Qe6 29. Nf1 Ba4 30. Rxc8 Rxc8 31. Rc1 f5 32. Ne3 fxg4 33. Nxg4 Bb5 34. Rxc8 Qxc8 35. Nf6 Qc4 36. Kg2 Qf1+ 37. Kg3 Be2 38. Bf2 Be7 39. Qh6 1-0

[Event "Winnipeg TNT Aug op"]
[Site "Winnipeg CAN"]
[Date "1998.08.25"]
[Round "4"]
[White "Schulz, Manfred"]
[Black "Weijs, Harry"]
[Result "1-0"]
[WhiteElo "1922"]
[BlackElo "1621"]
[PlyCount "91"]
[GameId "2160767911806842"]
[EventDate "1998.08.04"]
[EventType "swiss"]
[EventRounds "4"]
[EventCountry "CAN"]

1. e4 d5 2. exd5 Nf6 3. Nf3 Nxd5 4. d4 g6 5. Be2 Bg7 6. O-O O-O 7. Re1 c5 8. c4 Nb6 9. dxc5 Qxd1 10. Rxd1 Na4 11. Nc3 Bxc3 12. bxc3 Nxc3 13. Rd2 Nxe2+ 14. Rxe2 Nc6 15. Rb1 Re8 16. Bd2 e5 17. Bc3 f6 18. Rd2 Re7 19. Rd6 Be6 20. Nd2 f5 21. Re1 Kf7 22. Bxe5 Rae8 23. Bc3 a5 24. a3 a4 25. h3 Na7 26. Kh2 Nc8 27. Rd4 Rc7 28. Nf3 Bd7 29. Ne5+ Rxe5 30. Rxe5 Bc6 31. Ba5 Re7 32. Rxe7+ Nxe7 33. Bd8 Ng8 34. Bg5 h6 35. Bd8 g5 36. Rd6 Ke8 37. Rg6 Kf7 38. Rd6 Ke8 39. Ba5 Kf7 40. Bc3 f4 41. f3 Ke7 42. h4 Kf7 43. Kh3 Ke7 44. hxg5 Bd7+ 45. Kh4 Be6 46. Rd4 1-0

[Event "Winnipeg TNT Aug op"]
[Site "Winnipeg CAN"]
[Date "1998.08.25"]
[Round "4"]
[White "Thomlison, Gary"]
[Black "Gantzert, Rene"]
[Result "1-0"]
[WhiteElo "1768"]
[BlackElo "1657"]
[PlyCount "75"]
[GameId "2160767911806843"]
[EventDate "1998.08.04"]
[EventType "swiss"]
[EventRounds "4"]
[EventCountry "CAN"]

1. c4 b6 2. d4 e6 3. Nf3 Bb7 4. e3 Bb4+ 5. Nbd2 Nf6 6. a3 Bd6 7. Bd3 O-O 8. Qc2 c5 9. O-O Re8 10. e4 e5 11. d5 Bc7 12. Nb1 d6 13. Nc3 a6 14. h3 Bc8 15. Nh2 Nbd7 16. f4 Rb8 17. f5 h6 18. Qe2 b5 19. cxb5 axb5 20. Bxb5 Ba5 21. a4 Qb6 22. g4 Bxc3 23. bxc3 Ba6 24. Rb1 Bxb5 25. axb5 Qa5 26. c4 Nb6 27. Bd2 Qa2 28. Rbc1 Nxe4 29. Qxe4 Qxd2 30. Nf3 Qa2 31. Rc2 Qa7 32. g5 Kh8 33. Rg2 Rg8 34. Qh4 f6 35. gxf6 gxf6 36. Qxf6+ Kh7 37. Rg6 Rbf8 38. Ng5+ 1-0

[Event "Winnipeg TNT Jan op"]
[Site "Winnipeg CAN"]
[Date "1998.01.06"]
[Round "1"]
[White "Ford, Stephen"]
[Black "Hassain, Mahmud"]
[Result "0-1"]
[WhiteElo "1603"]
[BlackElo "1919"]
[PlyCount "82"]
[GameId "2160767911874079"]
[EventDate "1998.01.06"]
[EventType "swiss"]
[EventRounds "4"]
[EventCountry "CAN"]

1. e4 c5 2. Nc3 d6 3. f4 Nc6 4. Nf3 g6 5. d3 Bg7 6. g3 e6 7. Bg2 Nge7 8. Qe2 Nd4 9. Nxd4 cxd4 10. Nd1 Nc6 11. O-O O-O 12. c3 Qc7 13. Re1 a5 14. Bd2 a4 15. Rc1 a3 16. b3 Qb6 17. Kh1 Bd7 18. Qf2 Rfc8 19. Re2 Qa6 20. Qf3 dxc3 21. Be3 Qxd3 22. Bf1 Nd4 23. Qg2 Nf5 24. Rf2 Nxe3 25. Bxd3 Nxg2 26. Kxg2 Rc7 27. Re2 Rac8 28. Ne3 Bd4 29. Nc4 d5 30. Nxa3 Bc5 31. Nb1 d4 32. a4 f5 33. Ra2 fxe4 34. Bxe4 Bc6 35. Kf3 Bd5 36. Bxd5 exd5 37. Re1 Bb4 38. Rc1 d3 39. Ke3 d2 40. Nxd2 cxd2 41. Rxc7 Rxc7 0-1

[Event "Winnipeg TNT Jan op"]
[Site "Winnipeg CAN"]
[Date "1998.01.06"]
[Round "1"]
[White "Kim, Phillip"]
[Black "Gushuliak, Justin"]
[Result "1-0"]
[WhiteElo "2095"]
[BlackElo "1665"]
[PlyCount "39"]
[GameId "2160767911874080"]
[EventDate "1998.01.06"]
[EventType "swiss"]
[EventRounds "4"]
[EventCountry "CAN"]

1. e4 c5 2. Nf3 d6 3. d4 cxd4 4. Nxd4 Nf6 5. Nc3 g6 6. Be3 Bg7 7. f3 O-O 8. Qd2 Nc6 9. Bc4 Bd7 10. O-O-O Ne5 11. Bb3 Qa5 12. Kb1 Rfc8 13. Bh6 Bh8 14. Nd5 Qd8 15. h4 Nc4 16. Qg5 Nb6 17. Nf4 Nxe4 18. fxe4 Bf6 19. Qg3 e5 20. Nxg6 1-0

[Event "Winnipeg TNT Jan op"]
[Site "Winnipeg CAN"]
[Date "1998.01.06"]
[Round "1"]
[White "Wierda, John"]
[Black "Weijs, Harry"]
[Result "1-0"]
[WhiteElo "1821"]
[BlackElo "1919"]
[PlyCount "119"]
[GameId "2160767911874081"]
[EventDate "1998.01.06"]
[EventType "swiss"]
[EventRounds "4"]
[EventCountry "CAN"]

1. e4 d5 2. exd5 Nf6 3. Bb5+ Bd7 4. Bxd7+ Qxd7 5. Nf3 Nxd5 6. O-O Nc6 7. d4 g6 8. Re1 Bg7 9. Bg5 Qg4 10. h3 Qf5 11. c3 Nf6 12. Qb3 b6 13. Qc4 Qd5 14. Qa4 b5 15. Qa3 O-O 16. Ne5 e6 17. Nd2 Nxe5 18. Rxe5 Qd7 19. Qc5 c6 20. Rae1 Nd5 21. Nf3 Rfe8 22. R5e2 Bf8 23. Ne5 Bxc5 24. Nxd7 Be7 25. Bh6 Rad8 26. Ne5 Rd6 27. g3 Bf8 28. Bd2 Bg7 29. Ng4 Nb6 30. Bf4 Rd5 31. Ne5 Bxe5 32. Rxe5 Nd7 33. R5e2 a5 34. Bd2 a4 35. b3 axb3 36. axb3 c5 37. dxc5 Nxc5 38. Rb1 Red8 39. Rb2 Nxb3 40. Rxb3 Rxd2 41. Rxd2 Rxd2 42. Rxb5 Rc2 43. Rc5 Kg7 44. Kg2 h5 45. Kf3 Kf6 46. c4 g5 47. Ke3 e5 48. Rc6+ Kf5 49. c5 e4 50. Rc7 f6 51. c6 Rc3+ 52. Kd2 Rf3 53. Ke2 Ke6 54. Rh7 Rc3 55. c7 g4 56. h4 f5 57. Kd2 Rc5 58. Ke3 Kd6 59. Kf4 Ke6 60. Kg5 1-0

[Event "Winnipeg TNT Jan op"]
[Site "Winnipeg CAN"]
[Date "1998.01.13"]
[Round "2"]
[White "Gushuliak, Justin"]
[Black "Weijs, Harry"]
[Result "1-0"]
[WhiteElo "1586"]
[BlackElo "1665"]
[PlyCount "57"]
[GameId "2160767911874082"]
[EventDate "1998.01.06"]
[EventType "swiss"]
[EventRounds "4"]
[EventCountry "CAN"]

1. e4 d5 2. exd5 Nf6 3. d4 Qxd5 4. Nf3 Bg4 5. Be2 Nc6 6. O-O O-O-O 7. Be3 e6 8. c3 h6 9. Nbd2 Bd6 10. Qb3 Qh5 11. Bb5 Bxf3 12. Nxf3 Nb8 13. h3 g5 14. Be2 Bf4 15. Bxf4 gxf4 16. Qb5 Rd5 17. Qd3 Rg8 18. Kh1 Rdg5 19. Nxg5 Qxg5 20. Bf3 Nc6 21. Rg1 Nd5 22. Qb5 a6 23. Qc5 Nde7 24. Qxg5 Rxg5 25. Rae1 Nd8 26. Re2 Ng6 27. Be4 f5 28. Bd3 Nh4 29. g3 1-0

[Event "Winnipeg TNT Jan op"]
[Site "Winnipeg CAN"]
[Date "1998.01.13"]
[Round "2"]
[White "Hassain, Mahmud"]
[Black "Milord, Frank"]
[Result "1-0"]
[WhiteElo "1919"]
[BlackElo "1700"]
[PlyCount "35"]
[GameId "2160767911874083"]
[EventDate "1998.01.06"]
[EventType "swiss"]
[EventRounds "4"]
[EventCountry "CAN"]

1. d4 d5 2. Nc3 Nf6 3. e4 dxe4 4. f3 exf3 5. Nxf3 e6 6. Bc4 Be7 7. O-O O-O 8. Bg5 Nd5 9. Bd2 c5 10. Ne5 cxd4 11. Ne4 Ne3 12. Bxe3 dxe3 13. Qxd8 Bxd8 14. Nd6 Bb6 15. Kh1 Nc6 16. Nexf7 Na5 17. Nxc8 Nxc4 18. Ne7# 1-0

[Event "Winnipeg TNT Jan op"]
[Site "Winnipeg CAN"]
[Date "1998.01.13"]
[Round "2"]
[White "Herkert, Dean"]
[Black "Wierda, John"]
[Result "0-1"]
[WhiteElo "1687"]
[BlackElo "1821"]
[PlyCount "44"]
[GameId "2160767911874084"]
[EventDate "1998.01.06"]
[EventType "swiss"]
[EventRounds "4"]
[EventCountry "CAN"]

1. f4 d5 2. Nf3 Nf6 3. e3 Bg4 4. b3 Nbd7 5. Bb2 c6 6. c4 Qc7 7. Be2 Bxf3 8. Bxf3 e5 9. fxe5 Nxe5 10. d4 Nxf3+ 11. Qxf3 O-O-O 12. c5 h5 13. a4 Re8 14. h3 Ne4 15. O-O Re7 16. a5 a6 17. Qf5+ Kb8 18. Qf4 g5 19. Qxc7+ Kxc7 20. Bc3 g4 21. Ra2 Bh6 22. Re2 Ng3 0-1

[Event "Winnipeg TNT Jan op"]
[Site "Winnipeg CAN"]
[Date "1998.01.13"]
[Round "2"]
[White "Kim, Phillip"]
[Black "Barg, Andrew"]
[Result "1/2-1/2"]
[WhiteElo "2095"]
[BlackElo "1790"]
[PlyCount "89"]
[GameId "2160767911874085"]
[EventDate "1998.01.06"]
[EventType "swiss"]
[EventRounds "4"]
[EventCountry "CAN"]

1. e4 c5 2. Nf3 d6 3. c3 Nf6 4. Be2 g6 5. d3 Bg7 6. O-O O-O 7. Be3 e5 8. h3 h6 9. a4 b6 10. Nbd2 Re8 11. Nc4 Nc6 12. Qd2 Kh7 13. Rad1 d5 14. exd5 Nxd5 15. Nh2 f5 16. f4 Nxe3 17. Nxe3 exf4 18. Rxf4 Qe7 19. Nhf1 Bb7 20. Rf2 Rad8 21. Nc2 Ne5 22. Nh2 Ba6 23. d4 Bxe2 24. Qxe2 Qd7 25. Qb5 Qxb5 26. axb5 Nc4 27. b3 Ne3 28. Nxe3 Rxe3 29. Rf3 f4 30. Rxe3 fxe3 31. Nf3 cxd4 32. cxd4 e2 33. Re1 Bxd4+ 34. Nxd4 Rxd4 35. Rxe2 Kg7 36. Re7+ Kf6 37. Rxa7 Rb4 38. Rc7 Rxb5 39. Rc3 h5 40. Kf2 Ke5 41. Ke3 h4 42. Kd3 g5 43. Ke3 Rc5 44. Rc4 Rb5 45. b4 1/2-1/2

[Event "Winnipeg TNT Jan op"]
[Site "Winnipeg CAN"]
[Date "1998.01.13"]
[Round "2"]
[White "Trueman, Francis"]
[Black "Ford, Stephen"]
[Result "1-0"]
[WhiteElo "1483"]
[BlackElo "1603"]
[PlyCount "61"]
[GameId "2160767911874086"]
[EventDate "1998.01.06"]
[EventType "swiss"]
[EventRounds "4"]
[EventCountry "CAN"]

1. Nf3 Nf6 2. d3 d5 3. Nbd2 b6 4. g3 Bb7 5. Bg2 e6 6. O-O c5 7. Re1 Bd6 8. e4 dxe4 9. dxe4 Nfd7 10. Nc4 Bc7 11. e5 O-O 12. h4 h6 13. g4 Nc6 14. g5 hxg5 15. Bxg5 f6 16. Qd3 Ncxe5 17. Ncxe5 Nxe5 18. Qxd8 Nxf3+ 19. Bxf3 Raxd8 20. Bxb7 fxg5 21. hxg5 Rd2 22. Rxe6 Rxc2 23. Bd5 Kh8 24. Rae1 Rcxf2 25. Re8 R2f5 26. g6 b5 27. Rxf8+ Rxf8 28. Re7 Bb6 29. Kg2 c4 30. Re4 a5 31. Rh4# 1-0

[Event "Winnipeg TNT Jan op"]
[Site "Winnipeg CAN"]
[Date "1998.01.20"]
[Round "3"]
[White "Gushuliak, Justin"]
[Black "Herkert, Dean"]
[Result "1-0"]
[WhiteElo "1687"]
[BlackElo "1665"]
[PlyCount "105"]
[GameId "2160767911874087"]
[EventDate "1998.01.06"]
[EventType "swiss"]
[EventRounds "4"]
[EventCountry "CAN"]

1. e4 Nf6 2. Nc3 d5 3. e5 Ne4 4. d4 e6 5. Bd3 Bb4 6. Bxe4 dxe4 7. a3 Bxc3+ 8. bxc3 b6 9. Qg4 Kf8 10. Qxe4 c6 11. Nf3 Bb7 12. a4 Qc7 13. Ba3+ c5 14. Qf4 Nd7 15. Ng5 Nf6 16. Qg3 Nd5 17. Ne4 Nb4 18. cxb4 Bxe4 19. bxc5 bxc5 20. Bxc5+ Kg8 21. c3 h5 22. h4 Qb7 23. O-O Rh6 24. f3 Bd3 25. Rfc1 Rg6 26. Qf2 Rb8 27. Bd6 Rc8 28. Bb4 Bf5 29. Kh2 f6 30. Qe2 Qd5 31. Qb5 Qd8 32. Ba5 Qe7 33. Qb4 Qf7 34. Ra2 fxe5 35. dxe5 Bd3 36. Qd4 Rc4 37. Qxd3 Rxh4+ 38. Kg1 Qf4 39. Qxg6 Qxc1+ 40. Kf2 Rh1 41. Re2 Qg1+ 42. Kg3 h4+ 43. Kf4 h3 44. Qxe6+ Kh7 45. gxh3 Qc1+ 46. Ke4 Qb1+ 47. Ke3 Qc1+ 48. Rd2 Re1+ 49. Kd3 Qb1+ 50. Kd4 Qc1 51. Qf5+ Kg8 52. Qc2 Qa3 53. Qa2+ 1-0

[Event "Winnipeg TNT Jan op"]
[Site "Winnipeg CAN"]
[Date "1998.01.20"]
[Round "3"]
[White "Milord, Frank"]
[Black "Barg, Andrew"]
[Result "0-1"]
[WhiteElo "1700"]
[BlackElo "1790"]
[PlyCount "48"]
[GameId "2160767911874088"]
[EventDate "1998.01.06"]
[EventType "swiss"]
[EventRounds "4"]
[EventCountry "CAN"]

1. d4 f5 2. Nf3 Nf6 3. Bg5 e6 4. g3 h6 5. Bxf6 Qxf6 6. c4 c5 7. Bg2 Nc6 8. e3 Rb8 9. Nc3 Be7 10. O-O O-O 11. d5 Ne5 12. Nxe5 Qxe5 13. Qh5 Bf6 14. Rab1 Qc7 15. Ne2 d6 16. e4 Qf7 17. Qxf7+ Rxf7 18. exf5 exf5 19. f4 b5 20. b3 bxc4 21. bxc4 Rxb1 22. Rxb1 Ba6 23. Rc1 Rb7 24. Rc2 Rb4 0-1

[Event "Winnipeg TNT Jan op"]
[Site "Winnipeg CAN"]
[Date "1998.01.20"]
[Round "3"]
[White "Wierda, John"]
[Black "Hassain, Mahmud"]
[Result "1-0"]
[WhiteElo "1821"]
[BlackElo "1919"]
[PlyCount "97"]
[GameId "2160767911874089"]
[EventDate "1998.01.06"]
[EventType "swiss"]
[EventRounds "4"]
[EventCountry "CAN"]

1. e4 c5 2. c3 d5 3. exd5 Qxd5 4. d4 e5 5. Nf3 Nd7 6. dxe5 Qxd1+ 7. Kxd1 Ne7 8. Bf4 Ng6 9. Bg3 Be7 10. Bd3 O-O 11. h4 Rd8 12. Kc2 Nb6 13. Nfd2 Nd5 14. Be4 Ngf4 15. Bxf4 Nxf4 16. g3 Nd5 17. a3 Bf8 18. Nc4 Bd7 19. Nbd2 Be6 20. Rae1 Rac8 21. f4 Rc7 22. f5 Bc8 23. h5 b5 24. Ne3 Nxe3+ 25. Rxe3 Rcd7 26. Nf3 b4 27. axb4 cxb4 28. h6 Bc5 29. Re2 Ba6 30. Reh2 g6 31. e6 Bd3+ 32. Bxd3 Rxd3 33. exf7+ Kh8 34. f8=Q+ Bxf8 35. Ne5 b3+ 36. Kxb3 Rb8+ 37. Kc2 Rxg3 38. fxg6 hxg6 39. h7 Rb7 40. Rf1 Bd6 41. Rf6 Rg2+ 42. Rxg2 Bxe5 43. Rfxg6 Kxh7 44. R6g5 Bf4 45. Rh5+ Bh6 46. Rgh2 Rb6 47. Rxh6+ Rxh6 48. Rxh6+ Kxh6 49. Kb3 1-0

[Event "Winnipeg TNT Jan op"]
[Site "Winnipeg CAN"]
[Date "1998.01.27"]
[Round "4"]
[White "Barg, Andrew"]
[Black "Wierda, John"]
[Result "1-0"]
[WhiteElo "1790"]
[BlackElo "1821"]
[PlyCount "47"]
[GameId "2160767911874090"]
[EventDate "1998.01.06"]
[EventType "swiss"]
[EventRounds "4"]
[EventCountry "CAN"]

1. e4 e6 2. d4 d5 3. e5 c5 4. c3 Qb6 5. Nf3 Nc6 6. Bd3 f6 7. O-O Qc7 8. Bf4 cxd4 9. cxd4 fxe5 10. Nxe5 Nxe5 11. Bxe5 Qf7 12. Nc3 a6 13. Rc1 Bb4 14. Qa4+ Bd7 15. Qxb4 Bc6 16. Na4 Nf6 17. Nc5 a5 18. Qd2 O-O 19. Rfe1 Rac8 20. Qg5 b6 21. Nxe6 Qxe6 22. Bf5 Qf7 23. Bxc8 h6 24. Qf5 1-0